Essentials of accounting.
| Main Author: | |
|---|---|
| Other Authors: | |
| Format: | Book |
| Published: |
New Jersey:
Prentice-Hall,
2003.
|
| Edition: | 8th ed. |
| Subjects: |
| LEADER | 00436cam a2200169 7i4500 | ||
|---|---|---|---|
| 001 | 0000027541 | ||
| 005 | 20120209090000.0 | ||
| 020 | 0 | 0 | |a 0130406724 |
| 090 | 0 | 0 | |a B 657 |b ANT |
| 100 | 1 | 0 | |a Anthony |
| 245 | 1 | 0 | |a Essentials of accounting. |
| 250 | 0 | 0 | |a 8th ed. |
| 260 | 0 | 0 | |a New Jersey: |b Prentice-Hall, |c 2003. |
| 300 | # | # | |a 216 p. |
| 650 | 0 | 0 | |a Accounting |
| 700 | 1 | 0 | |a Breitner, |h Leslie K. |
| 999 | |a 0000029429 |b Book |c Book |e Business Information Centre | ||


